UBT Library

Basic clinical pharmacokinetics / (Record no. 42764)

000 -LEADER
fixed length control field 00753cam a22002654a 4500
001 - CONTROL NUMBER
control field 13205889
005 - DATE AND TIME OF LATEST TRANSACTION
control field 20180216044012.0
008 - FIXED-LENGTH DATA ELEMENTS--GENERAL INFORMATION
fixed length control field 030520s2004 paua b 001 0 eng
010 ## - LIBRARY OF CONGRESS CONTROL NUMBER
LC control number 2003054516
020 ## - INTERNATIONAL STANDARD BOOK NUMBER
International Standard Book Number 0781741475
035 ## - SYSTEM CONTROL NUMBER
System control number (DNLM)101180421
040 ## - CATALOGING SOURCE
Original cataloging agency DNLM/DLC
Transcribing agency DLC
Modifying agency DLC
041 ## - LANGUAGE CODE
Language code of text/sound track or separate title eng
042 ## - AUTHENTICATION CODE
Authentication code pcc
060 10 - NATIONAL LIBRARY OF MEDICINE CALL NUMBER
Classification number 615.7
Item number W786b 2003
080 ## - UNIVERSAL DECIMAL CLASSIFICATION NUMBER
Universal Decimal Classification number 615.7
082 00 - DEWEY DECIMAL CLASSIFICATION NUMBER
Classification number 615.7 WIN
Edition number 21
100 1# - Rafti
Rafti 5
101 ## - Shkurtesa
Shkurtesa SHF
245 10 - TITLE STATEMENT
Title Basic clinical pharmacokinetics /
Statement of responsibility, etc Michael E. Winter.
504 ## - BIBLIOGRAPHY, ETC. NOTE
Bibliography, etc Includes bibliographical references and index.
906 ## - LOCAL DATA ELEMENT F, LDF (RLIN)
a 7
b cbc
c orignew
d 1
e ocip
f 20
g y-gencatlg
942 ## - ADDED ENTRY ELEMENTS (KOHA)
Source of classification or shelving scheme
Item type Books
Holdings
Withdrawn status Lost status Source of classification or shelving scheme Damaged status Not for loan Collection code Permanent location Current location Shelving location Date acquired Total Checkouts Full call number Barcode Date last seen Price effective from Koha item type
          Koleksioni i përgjithshem UBT - Lipjan UBT - Lipjan Koleksioni i përgjithshem 02/16/2018   615.7 WIN 002-2997232 02/16/2018 02/16/2018 Books
UBT Library © 2015-2024. All rights reserved University Education for Business and Technology